Posmodernidad (Registro nro. 591)
[ vista simple ]
| 000 -LEADER | |
|---|---|
| fixed length control field | 00947 a2200229 4500 |
| 001 - CONTROL NUMBER | |
| control field | 14646 |
| 005 - DATE AND TIME OF LATEST TRANSACTION | |
| control field | 20260407155448.0 |
| 008 - FIXED-LENGTH DATA ELEMENTS--GENERAL INFORMATION | |
| fixed length control field | 260407a2009 arg spa d |
| 003 - CONTROL NUMBER IDENTIFIER | |
| control field | AR-UNSa-BCEJYS |
| 040 ## - CATALOGING SOURCE | |
| Original cataloging agency | AR-UNSa-BCEJYS |
| Language of cataloging | spa |
| Transcribing agency | AR-UNSa-BCEJYS |
| 080 ## - UNIVERSAL DECIMAL CLASSIFICATION NUMBER | |
| Universal Decimal Classification number | 316.7 |
| Common auxiliary subdivision | Sociología de la cultura. contexto cultural de la vida social (posmodernidad) |
| 020 ## - INTERNATIONAL STANDARD BOOK NUMBER | |
| International Standard Book Number | 978-950-786-221-2 |
| 100 1# - MAIN ENTRY--PERSONAL NAME | |
| Personal name | Díaz, Esther |
| 245 10 - TITLE STATEMENT | |
| Title | Posmodernidad |
| 250 ## - EDITION STATEMENT | |
| Edition statement | 4a. ed. |
| 264 #1 - PRODUCTION, PUBLICATION, DISTRIBUTION, MANUFACTURE, AND COPYRIGHT NOTICE | |
| Place of production, publication, distribution, manufacture | Buenos Aires : |
| Name of producer, publisher, distributor, manufacturer | Biblos |
| Date of production, publication, distribution, manufacture, or copyright notice | 2009 |
| 300 ## - PHYSICAL DESCRIPTION | |
| Extent | 155 p. |
| Dimensions | 22 cm. |
| 505 ## - FORMATTED CONTENTS NOTE | |
| Formatted contents note | 1. Qué es la posmodernidad? - 2. Posestética - 3. La posciencia - 4. La posética - 5. Posmodernidad y vida cotidiana - 6. La posfilosofía - 7. La posmodernidad y el desarraigo de Eros - <br/>8. La postsexualidad<br/> |
| 590 ## - LOCAL NOTE (RLIN) | |
| Local note | niveau_biblio:m niveau_hierar:0 |
| 856 41 - ELECTRONIC LOCATION AND ACCESS | |
| Uniform Resource Identifier | <a href="https://biblioeco.unsa.edu.ar/pmb/images/libros/Posmodernidad2-l118946.jpg">https://biblioeco.unsa.edu.ar/pmb/images/libros/Posmodernidad2-l118946.jpg</a> |
| Link text | Imagen de portada |
| Electronic format type | image/jpeg |
| 942 ## - ADDED ENTRY ELEMENTS (KOHA) | |
| Koha item type | |
| Withdrawn status | Lost status | Damaged status | Not for loan | Home library | Current library | Shelving location | Date acquired | Total checkouts | Full call number | Barcode | Date last seen | Price effective from | Koha item type |
|---|---|---|---|---|---|---|---|---|---|---|---|---|---|
| Biblioteca Prof. Eusebio Cleto del Rey | Biblioteca Prof. Eusebio Cleto del Rey | 07/04/2026 | 316.7 D542 4ed. | L118946 | 07/04/2026 | 07/04/2026 | Libro | ||||||
| Biblioteca Prof. Eusebio Cleto del Rey | Biblioteca Prof. Eusebio Cleto del Rey | 07/04/2026 | 316.7 D542 4ed. | L118947 | 07/04/2026 | 07/04/2026 | Libro |